000 00522nam 22001693 4500
001 200886
090 _a200886
100 _a20260302d u||y0pory50 ba
200 _aOuros do Brasil no Palácio Nacional da Ajuda
_fcoordenação Isabel da Silveira Godinho
210 _a[Lisboa]
_cPalácio Nacional da Ajuda
_d1986
215 _a24 p.
_cil. ; brochado
_d21 cm
606 _912133
_aArte do Metal
675 _a739
_vPT
_zpor
701 _914243
_aGodinho
_bIsabel da Silveira
801 _aPT
_bBMMN
_gRPC
830 _cVanda
990 _cLIVROS